Regímenes especiales de trabajo. Volumen III /

Guardado en:
Otros Autores: García Vior, Andrea., (coord.)
Formato: Libro
Idioma:Spanish
Publicado: Ciudad Autónoma de Buenos Aires : Errepar, 2014.
Edición:1a. ed.
Series:Colección de temas de derecho laboral ; 25
Materias:
Etiquetas: Agregar Etiqueta
Sin Etiquetas, Sea el primero en etiquetar este registro!
LEADER 00720nam a22001695a 4500
001 DER.der015452
008 251110s2014####ag############000#0#spa#d
005 20251110133434.0
245 1 0 |a Regímenes especiales de trabajo.  |n Volumen III /  |c coordionado por Andrea García Vior. 
250 |a 1a. ed. 
260 |a Ciudad Autónoma de Buenos Aires :  |b Errepar,  |c 2014. 
300 |a 437 p. 
490 0 |a Colección de temas de derecho laboral ;  |v 25 
500 |a Empleo público. Docentes. Construcción. Encargados de casas de renta. Viajantes. Portuarios. Vendedores de diarios y revistas. Trabajadores migrantes. 
700 1 |a García Vior, Andrea.,  |e coord. 
650 7 |a DERECHO LABORAL 
859 |a DERECHO  |b BIB. DERECHO  |h 344.01  |i REG  |p 008853